| 000 | 00717nam a22001817a 4500 | ||
|---|---|---|---|
| 999 |
_c19172 _d19172 |
||
| 003 | AR-CdUCM | ||
| 008 | 190516b ||||| |||| 00| 0 spa d | ||
| 040 |
_aMUNICIPALIDAD PROVINCIAL DEL CUSCO _cBIBLIOTECA MUNICIPAL DEL CUSCO |
||
| 082 |
_a320 / _bB38 |
||
| 100 |
_aBenson, Oliver _940360 |
||
| 245 | _aEl laboratorio de ciencia política / | ||
| 260 |
_aMéxico : _bCentro Regional de Ayuda Técnica, _c1969. |
||
| 300 |
_a400 paginas ; _c23 cm. |
||
| 505 | _aContenido :La política y los datos :usos y limitaciones de los números --Como leer un cuadro:variedad de variables --Gráficos y diagramas :Graficacion de los datos ... | ||
| 650 |
_aPolitica _9291 |
||
| 942 |
_2ddc _cLIBROS |
||
| 945 |
_arjall _d2019-05-16 |
||